<?xml version="1.0" encoding="UTF-8"?>
<record
    xmlns:xsi="http://www.w3.org/2001/XMLSchema-instance"
    xsi:schemaLocation="http://www.loc.gov/MARC21/slim http://www.loc.gov/standards/marcxml/schema/MARC21slim.xsd"
    xmlns="http://www.loc.gov/MARC21/slim">

  <leader>01079nam a22002417a 4500</leader>
  <datafield tag="010" ind1=" " ind2=" ">
    <subfield code="a">B-079768</subfield>
  </datafield>
  <datafield tag="020" ind1=" " ind2=" ">
    <subfield code="a">8171162525</subfield>
    <subfield code="c">150.00</subfield>
  </datafield>
  <datafield tag="035" ind1=" " ind2=" ">
    <subfield code="a">B-079768</subfield>
  </datafield>
  <datafield tag="037" ind1=" " ind2=" ">
    <subfield code="a">Cen Lib / Ret</subfield>
  </datafield>
  <datafield tag="040" ind1=" " ind2=" ">
    <subfield code="a">DPL</subfield>
    <subfield code="b">PN</subfield>
  </datafield>
  <datafield tag="082" ind1=" " ind2=" ">
    <subfield code="a">954.07</subfield>
    <subfield code="b">&#xA2A;&#xA3F;&#xA06;&#xA30;&#xA3E;</subfield>
  </datafield>
  <datafield tag="100" ind1=" " ind2=" ">
    <subfield code="a">&#xA2A;&#xA3F;&#xA06;&#xA30;&#xA3E; &#xA38;&#xA3F;&#xA70;&#xA18; &#xA26;&#xA3E;&#xA24;&#xA3E; </subfield>
    <subfield code="9">138299</subfield>
  </datafield>
  <datafield tag="245" ind1=" " ind2=" ">
    <subfield code="a">&#xA38;&#xA3F;&#xA16; &#xA07;&#xA24;&#xA3F;&#xA39;&#xA3E;&#xA38; &#xA26;&#xA47; &#xA16;&#xA3C;&#xA42;&#xA28;&#xA40;  &#xA2A;&#xA71;&#xA24;&#xA30;&#xA47; /</subfield>
    <subfield code="c">&#xA2A;&#xA3F;&#xA06;&#xA30;&#xA3E; &#xA38;&#xA3F;&#xA70;&#xA18; &#xA26;&#xA3E;&#xA24;&#xA3E; </subfield>
  </datafield>
  <datafield tag="246" ind1=" " ind2=" ">
    <subfield code="a">Sikh itehaas de khooni patrey /</subfield>
    <subfield code="b">Piara Singh Datta </subfield>
  </datafield>
  <datafield tag="260" ind1=" " ind2=" ">
    <subfield code="a">&#xA26;&#xA3F;&#xA71;&#xA32;&#xA40; </subfield>
    <subfield code="b">&#xA28;&#xA48;&#xA38;&#xA3C;&#xA28;&#xA32; &#xA2C;&#xA42;&#xA15; &#xA38;&#xA3C;&#xA3E;&#xA2A;</subfield>
    <subfield code="c">2003</subfield>
  </datafield>
  <datafield tag="270" ind1=" " ind2=" ">
    <subfield code="a">&#xA28;&#xA48;&#xA38;&#xA3C;&#xA28;&#xA32; &#xA17;&#xA3E;&#xA30;&#xA21;&#xA28; &#xA2E;&#xA3E;&#xA30;&#xA15;&#xA3F;&#xA1F;, &#xA1A;&#xA3E;&#xA02;&#xA26;&#xA28;&#xA40; &#xA1A;&#xA4C;&#xA15; </subfield>
    <subfield code="b">&#xA26;&#xA3F;&#xA71;&#xA32;&#xA40; </subfield>
    <subfield code="e">110006</subfield>
  </datafield>
  <datafield tag="300" ind1=" " ind2=" ">
    <subfield code="a">272p ; </subfield>
    <subfield code="b">24cm</subfield>
  </datafield>
  <datafield tag="650" ind1=" " ind2=" ">
    <subfield code="a">History -- Panjabi language.</subfield>
    <subfield code="9">132965</subfield>
  </datafield>
  <datafield tag="650" ind1=" " ind2=" ">
    <subfield code="a">Sikhism -- Panjabi language</subfield>
    <subfield code="9">118646</subfield>
  </datafield>
  <datafield tag="650" ind1=" " ind2=" ">
    <subfield code="a">&#xA38;&#xA3F;&#xA71;&#xA16; &#xA27;&#xA30;&#xA2E; - &#xA2A;&#xA70;&#xA1C;&#xA3E;&#xA2C;&#xA40; &#xA2D;&#xA3E;&#xA38;&#xA3C;&#xA3E;.</subfield>
    <subfield code="9">94756</subfield>
  </datafield>
  <datafield tag="650" ind1=" " ind2=" ">
    <subfield code="a">&#xA07;&#xA24;&#xA3F;&#xA39;&#xA3E;&#xA38; - &#xA2A;&#xA70;&#xA1C;&#xA3E;&#xA2C;&#xA40; &#xA2D;&#xA3E;&#xA38;&#xA3C;&#xA3E;.</subfield>
    <subfield code="9">2130</subfield>
  </datafield>
  <datafield tag="942" ind1=" " ind2=" ">
    <subfield code="2">ddc</subfield>
    <subfield code="c">PN</subfield>
    <subfield code="h">954.07</subfield>
    <subfield code="m">&#xA2A;&#xA3F;&#xA06;&#xA30;&#xA3E;</subfield>
  </datafield>
  <datafield tag="999" ind1=" " ind2=" ">
    <subfield code="c">111044</subfield>
    <subfield code="d">111044</subfield>
  </datafield>
  <datafield tag="952" ind1=" " ind2=" ">
    <subfield code="0">0</subfield>
    <subfield code="1">0</subfield>
    <subfield code="4">0</subfield>
    <subfield code="7">0</subfield>
    <subfield code="a">L</subfield>
    <subfield code="b">L</subfield>
    <subfield code="d">2016-02-11</subfield>
    <subfield code="e">Cen Lib/Ret</subfield>
    <subfield code="g">150.00</subfield>
    <subfield code="l">2</subfield>
    <subfield code="o">954.07 &#xA2A;&#xA3F;&#xA06;&#xA30;&#xA3E;</subfield>
    <subfield code="p">B-079768</subfield>
    <subfield code="r">2020-01-08 00:00:00</subfield>
    <subfield code="s">2019-12-27</subfield>
    <subfield code="t">1</subfield>
    <subfield code="v">150.00</subfield>
    <subfield code="w">2016-02-11</subfield>
    <subfield code="y">PN</subfield>
  </datafield>
</record>
